000 01015nam a22002537a 4500
005 20170124102931.0
010 _aB-207309
020 _c550.00
_a8121401062
035 _aB-207309
037 _bCen Lib/Ret
040 _aDPL
_bHN
082 _a530.03
_bतिवारी
100 _aतिवारी, राजीव
_944962
245 _aभौतिकी कोश /
_cराजीव तिवारी
246 _aBhautiki kosh /
_bby Rajeev Tiwari
260 _bनेशनल पब्लिशिंग हाउस
_aनई दिल्ली
_c2006
270 _a2/35, अंसारी रोड, दरियागंज
_bनई दिल्ली
_e110002
300 _ax,466पृ. :
_c20सेमी (सजिल्द)
_bसचित्र
650 _aकोश -- भौतिकी
_944963
650 _aभौतिकी
_944964
650 _aThesaurus - Physics
_944965
650 _aPhysics
_944966
942 _2ddc
_cHN
_h530.03
_mतिवारी
999 _c111898
_d111898